000 01369aam a2200301 i 4500
001 768714001
003 CO-MdFUSB
005 20240212124038.0
007 ta
008 240212txxu ck |||| |||| 00| 0 spa d
020 _a[No contiene ISBN]
040 _cCO-MdFUSB
041 0 _aspa
082 0 4 _223
_a231.3
_bC133b
100 1 _aCaicedo Celis, Pedro Ángel
_eautor
245 1 3 _aLa blasfemia contra el Espíritu Santo :
_b"el pecado imperdonable"
_c/ Pedro Ángel Caicedo
264 0 _bEl Alfarero,
_aMedellín, Colombia :
_c[Fecha de publicacion desconocida]
300 _a75 páginas
_c; 21 cm
336 _atexto
_btxt
_2rdacontent
337 _2rdamedia
_asin mediación
_bn
338 _2rdacarrier
_avolumen
_bnc
505 _aEl pecado de la blasfemia contra el Espíritu Santo. -- Entendiendo la blasfemia. -- El pecado de Satán. -- Casos de blasfemias contra Dios en el Antiguo Testamento. -- El pecado imperdonable en el Nuevo Testamento. -- La blasfemia en el pensamiento de los padres apostólicos. -- ¿Qué dijeron algunos padres de la iglesia acera de la blasfemia? -- El concepto de Lutero y Calvino acerca del pecado de muerte. -- Reflexiones acerca de la blasfemia en la iglesia y la propuesta bíblica a la iglesia.
563 _aRústico
650 1 0 _aEspíritu Santo
_950
653 _aBlasfemia
942 _cBK
945 _aJTF-925
999 _c34430
_d34430